Normal view
MARC view
Entry Topical Term
001 - CONTROL NUMBER
- control field: 94
003 - CONTROL NUMBER IDENTIFIER
- control field: OSt
005 - DATE AND TIME OF LATEST TRANSACTION
- control field: 20260123061537.0
008 - FIXED-LENGTH DATA ELEMENTS
- fixed length control field: 260123|| aca||aabn | a|a d
040 ## - CATALOGING SOURCE
- Original cataloging agency: OSt
- Transcribing agency: OSt
150 ## - HEADING--TOPICAL TERM
- Topical term or geographic name entry element: Knights and knighthood - Fiction
670 ## - SOURCE DATA FOUND
- Source citation: Work cat.: (OSt)2470: Cameron, Miles 93, The fell sword /, c2013